| 000 | 00619nam a2200181 i 4500 | ||
|---|---|---|---|
| 001 | 81104 | ||
| 003 | ES-MaACL | ||
| 005 | 20230906174354.0 | ||
| 007 | t| | ||
| 008 | 041103s1917 sp ||||1| spa d | ||
| 100 | 1 |
_aHoyos, Julio. _964430 |
|
| 245 | 1 | 3 |
_aEl solar de Arias Gonzalo _b: elogio gráfico literario de la Zamora histórica y monumental / _cJulio Hoyos. |
| 260 |
_aMadrid : _bAntonio Marzo, _c1917. |
||
| 300 |
_a1 v. : _bil ; _c24 cm. |
||
| 852 |
_aES-MaACL _jF-2277 _xNo se encuentra. Tiene testigo de encuadernación enero 97, pero no se encuadernó. |
||
| 942 | _2udc | ||
| 999 |
_c81104 _d81104 |
||